000 00359 a2200169 4500
001 189673
020 _a978-85-349-3291-2
040 _cMagnum
100 _aCaroso, Cesar
240 1 0 _aCapoeira CamarĂ¡
_lpor
245 1 0 _aCapoeira CamarĂ¡
300 _a61
362 0 _a2012
440 1 _aPaulus
697 _aLITERATURA INFANTO-JUVENIL
942 _cBK
999 _c189673
_d189673